Fińscy kierowcy Formuły 1 (2000-teraz) - Statystyki

Ogólne statystyki
  • Ten quiz został rozwiązany 29 razy
  • Średni wynik to 4 z 5
Statystyki odpowiedzi
Kierowca % Poprawnych
Kimi Raikkonen
100%
Valtteri Bottas
92%
Mika Hakkinen
83%
Heikki Kovalainen
54%
Mika Salo
33%
Nie znaleziono quizów pasujących do podanych kryteriów
Rozkład punktacji
Procent ludzi z każdym wynikiem
Percentyl według liczby udzielonych odpowiedzi
Twoja historia wyników
Nie rozwiązałeś tego quizu